Africa and the 3rd millennium challenges / (Record no. 1639)

MARC details
000 -LEADER
fixed length control field 01509cam a22003734a 4500
001 - CONTROL NUMBER
control field ocm61878913
003 - CONTROL NUMBER IDENTIFIER
control field TZ-ArACH
005 - DATE AND TIME OF LATEST TRANSACTION
control field 20120402164359.0
008 - FIXED-LENGTH DATA ELEMENTS--GENERAL INFORMATION
fixed length control field 050927s2005 enk b 000 0 eng c
015 ## - NATIONAL BIBLIOGRAPHY NUMBER
National bibliography number GBA584097
Source bnb
016 7# - NATIONAL BIBLIOGRAPHIC AGENCY CONTROL NUMBER
Record control number 013306327
Source Uk
020 ## - INTERNATIONAL STANDARD BOOK NUMBER
International Standard Book Number 0860374904 (pbk.)
020 ## - INTERNATIONAL STANDARD BOOK NUMBER
International Standard Book Number 9780860374909 (pbk.)
035 ## - SYSTEM CONTROL NUMBER
System control number (OCoLC)61878913
Canceled/invalid control number (OCoLC)65465327
040 ## - CATALOGING SOURCE
Original cataloging agency UKM
Transcribing agency TZ-ArACH
Modifying agency NDD
-- YDXCP
-- CLU
-- UKMGB
041 1# - LANGUAGE CODE
Language code of text/sound track or separate title eng
Language code of summary or abstract/overprinted title or subtitle Ara, Eng
042 ## - AUTHENTICATION CODE
Authentication code pcc
049 ## - LOCAL HOLDINGS (OCLC)
Holding library TZAA
050 #4 - LIBRARY OF CONGRESS CALL NUMBER
Classification number HC800
Item number .S535
082 04 - DEWEY DECIMAL CLASSIFICATION NUMBER
Classification number 330.96
Edition number 22
100 1# - MAIN ENTRY--PERSONAL NAME
Personal name ʻUthmān, ʻAbd al-Wahhāb,
Dates associated with a name 1936-
9 (RLIN) 5151
245 10 - TITLE STATEMENT
Title Africa and the 3rd millennium challenges /
Statement of responsibility, etc Abdel-Wahab Osman Sheikh-Musa.
246 3# - VARYING FORM OF TITLE
Title proper/short title Africa and the third millennium challenges
260 ## - PUBLICATION, DISTRIBUTION, ETC. (IMPRINT)
Place of publication, distribution, etc Markfield :
Name of publisher, distributor, etc Islamic Foundation,
Date of publication, distribution, etc 2005.
300 ## - PHYSICAL DESCRIPTION
Extent xxiii, 165 p. ;
Dimensions 24 cm.
504 ## - BIBLIOGRAPHY, ETC. NOTE
Bibliography, etc Includes bibliographical references (p. [157]-160).
546 ## - LANGUAGE NOTE
Language note Translated from the Arabic by the Centre for Languages and Translations, University of Juba.
651 #0 - SUBJECT ADDED ENTRY--GEOGRAPHIC NAME
Geographic name Africa
General subdivision Economic conditions
Chronological subdivision 21st century.
9 (RLIN) 5152
651 #0 - SUBJECT ADDED ENTRY--GEOGRAPHIC NAME
Geographic name Africa
General subdivision Economic policy.
9 (RLIN) 5153
710 2# - ADDED ENTRY--CORPORATE NAME
Corporate name or jurisdiction name as entry element Islamic Foundation (Great Britain)
9 (RLIN) 5154
776 08 - ADDITIONAL PHYSICAL FORM ENTRY
Display text Online version:
Main entry heading ʻUthmān, ʻAbd al-Wahhāb, 1936-
Title Africa and the 3rd millennium challenges.
Place, publisher, and date of publication Markfield : Islamic Foundation, 2005
Record control number (OCoLC)655697647
942 ## - ADDED ENTRY ELEMENTS (KOHA)
Source of classification or shelving scheme Library of Congress Classification
Koha item type Books
Holdings
Home library Current library Shelving location Date acquired Full call number Barcode Koha item type
African Court on Human and Peoples' Rights Library African Court on Human and Peoples' Rights Library   02/04/2012 HC800 .S535 10018212 Books

African Court on Human and Peoples' Rights | For Inquiries Contact » +255 272 510 510